000 00297nam a2200133Ia 4500
005 20251222155114.0
008 251222s9999||||xx |||||||||||||| ||spa||
082 _aETI.62
100 _aMEJIA RIVERA,Orlan.
245 0 _aEtica y Sida
250 _a1ra. ed.
264 _bSan Pablo
942 _cLIB
999 _c38175
_d38175